White Dress - Kanye West Lyrics - Lyrics - Statistics

General Stats
  • This quiz has been taken 25 times
  • The average score is 312 of 653
Answer Stats
Answer % Correct
a
100%
A
100%
and
100%
And
100%
you,
100%
you
100%
You
100%
I
93%
me
93%
Just
86%
just
86%
"Just
86%
oh
86%
who
86%
in
79%
on
79%
On
79%
sight
79%
sight,
79%
sneak
79%
to
79%
try
79%
your
79%
Your
79%
apartment
71%
Aren't
71%
eyes?
71%
for
71%
girl
71%
left
71%
red
71%
Trying
71%
up
71%
upstairs
71%
dress
64%
dress"
64%
side
64%
slipped
64%
the
64%
white
64%
Whoa,
64%
be
57%
flew
57%
he
57%
Like
57%
like
57%
make
57%
makeup
57%
no
57%
"No,
57%
No
57%
no,
57%
of
57%
so
57%
So
57%
that
57%
tryna
57%
baby,
50%
baby
50%
baby?"
50%
even
50%
"Even
50%
ever
50%
get
50%
go
50%
I'm
50%
I′m
50%
summer
50%
tight
50%
with
50%
With
50%
Ain't
43%
ain't
43%
asleep
43%
but
43%
But
43%
But,
43%
club
43%
do
43%
glisten
43%
gloss
43%
got
43%
have
43%
heels
43%
high
43%
hips
43%
last
43%
lip
43%
picture
43%
plane
43%
some
43%
start
43%
switching,
43%
they
43%
wake
43%
was
43%
We
43%
we
43%
all
36%
bang
36%
blew
36%
candle
36%
clicking,
36%
could
36%
dreams
36%
Everybody
36%
fire
36%
first
36%
foot
36%
'fore
36%
Friends
36%
friends
36%
gettin'
36%
gown,
36%
inside
36%
let
36%
lying
36%
met
36%
new
36%
now
36%
Now,
36%
Now
36%
Or
36%
our
36%
out
36%
right
36%
satin
36%
though
36%
where
36%
you're
36%
30
29%
At
29%
bus
29%
caught
29%
'Cause
29%
"Cause
29%
′cause
29%
chains
29%
changed
29%
Cobain
29%
coladas,
29%
denying,
29%
deserve
29%
didn't
29%
didn't,
29%
diss
29%
Dolce
29%
drink
29%
Euro
29%
Euro,
29%
few
29%
flannels
29%
Gabbana
29%
getting
29%
glass
29%
gold
29%
had
29%
her
29%
her,
29%
is
29%
Is
29%
"is
29%
kissing,
29%
Kurt
29%
laugh
29%
love
29%
my
29%
name
29%
never
29%
off,
29%
off
29%
past
29%
phone
29%
phone,
29%
pina
29%
pissed
29%
probably
29%
problems
29%
problems,
29%
put
29%
rain
29%
Remember
29%
rocking
29%
ten
29%
that'd
29%
thing
29%
things
29%
this
29%
train,
29%
tripping
29%
type
29%
us
29%
used
29%
walk
29%
we're
29%
what
29%
when
29%
act
21%
algebra
21%
babe,
21%
best
21%
call
21%
car
21%
Christians?"
21%
class
21%
diamond
21%
different
21%
feel
21%
flame
21%
from
21%
him
21%
hop
21%
"How
21%
it
21%
it,
21%
light
21%
lights
21%
man
21%
masculine
21%
models
21%
orderin'
21%
pain
21%
pair
21%
Rome,
21%
Rome
21%
say,
21%
say
21%
she
21%
someday
21%
still
21%
stripping?
21%
Talk
21%
talk
21%
told
21%
Told
21%
very
21%
work
21%
year
21%
about
14%
always
14%
Auntie
14%
better?
14%
conductor,
14%
couldn't
14%
crazy
14%
demanded
14%
dinner
14%
drive
14%
Eurostar
14%
Family
14%
fly
14%
girlfriends
14%
girlfriends"
14%
God
14%
going
14%
hate
14%
it's
14%
June,
14%
knew
14%
lies
14%
Lorraine
14%
one
14%
play
14%
See,
14%
shame
14%
sign
14%
straight
14%
swear
14%
Take
14%
that′s
14%
thought
14%
too
14%
Turned
14%
Wedding
14%
Well,
14%
whole
14%
years
14%
back
7%
bad
7%
both
7%
bottom
7%
bust
7%
candlelight
7%
can't
7%
come
7%
cosign
7%
countryside
7%
credit's
7%
cryin'
7%
don't
7%
door
7%
excited
7%
explain
7%
far"
7%
floor
7%
give
7%
gon'
7%
heading
7%
hollin'
7%
home
7%
invited
7%
kept
7%
Kitten
7%
lame,
7%
Let's
7%
moan,
7%
none
7%
pilot,
7%
Quote,
7%
Rented
7%
seem
7%
session
7%
sides,
7%
stoned
7%
talking
7%
Tell
7%
time
7%
tour
7%
uh
7%
upped
7%
wasn′t
7%
wearing
7%
whatever"
7%
won't
7%
would've
7%
wrong,
7%
accept
0%
ago
0%
by
0%
came
0%
disturbed
0%
except
0%
fighting
0%
fussin′
0%
glad
0%
grown
0%
herb
0%
herds,
0%
miracle
0%
move
0%
not
0%
Peaches
0%
Plus
0%
private
0%
reunited
0%
Seen
0%
she'd
0%
somewhere
0%
swag
0%
these
0%
unquote,
0%
wait
0%
will
0%
No matching quizzes found
Score Distribution
Percent of People with Each Score
Percentile by Number Answered
Your Score History
You have not taken this quiz